<?xml version="1.0" encoding="UTF-8"?>
<record
    xmlns:xsi="http://www.w3.org/2001/XMLSchema-instance"
    xsi:schemaLocation="http://www.loc.gov/MARC21/slim http://www.loc.gov/standards/marcxml/schema/MARC21slim.xsd"
    xmlns="http://www.loc.gov/MARC21/slim">

  <leader>01567nam a2200289 a 4500</leader>
  <controlfield tag="001">40557</controlfield>
  <controlfield tag="003">BD-RjUL</controlfield>
  <controlfield tag="005">20211209053235.0</controlfield>
  <controlfield tag="008">160502s2014    bg a|||| |||| 00| 0 ben d</controlfield>
  <datafield tag="020" ind1=" " ind2=" ">
    <subfield code="a">9789849078586</subfield>
    <subfield code="c">: Tk. 10,000.00 (set)</subfield>
  </datafield>
  <datafield tag="035" ind1=" " ind2=" ">
    <subfield code="a">(BD-RjUL)40672</subfield>
  </datafield>
  <datafield tag="040" ind1=" " ind2=" ">
    <subfield code="a">BD-RjUL</subfield>
    <subfield code="b">ben</subfield>
    <subfield code="c">BD-RjUL</subfield>
    <subfield code="d">BD-RjUL</subfield>
  </datafield>
  <datafield tag="041" ind1=" " ind2=" ">
    <subfield code="a">ben</subfield>
  </datafield>
  <datafield tag="082" ind1=" " ind2=" ">
    <subfield code="2">23</subfield>
    <subfield code="a">891.4412</subfield>
    <subfield code="b">SHM 2014</subfield>
  </datafield>
  <datafield tag="100" ind1=" " ind2=" ">
    <subfield code="a">&#x9B6;&#x9BE;&#x9B9;, &#x9B6;&#x9BF;&#x9A4;&#x9BE;&#x9B2;&#x982;</subfield>
    <subfield code="9">124794</subfield>
  </datafield>
  <datafield tag="245" ind1="1" ind2="0">
    <subfield code="a">&#x9AE;&#x9B6;&#x995;&#x9BF;&#x9B2; &#x9A4;&#x9B0;&#x9BE;&#x9A8; /</subfield>
    <subfield code="c">&#x9B6;&#x9BF;&#x9A4;&#x9BE;&#x9B2;&#x982; &#x9B6;&#x9BE;&#x9B9; ; &#x9B8;&#x982;&#x997;&#x9CD;&#x9B0;&#x9B9;, &#x9B2;&#x9BF;&#x9AA;&#x9CD;&#x9AF;&#x9A8;&#x9CD;&#x9A4;&#x9B0; &#x993; &#x9B8;&#x9AE;&#x9CD;&#x9AA;&#x9BE;&#x9A6;&#x9A8;&#x9BE; &#x9AE;&#x9CB;. &#x986;&#x9AC;&#x9CD;&#x9A6;&#x9C1;&#x9B2; &#x9AE;&#x9BE;&#x9A8;&#x9CD;&#x9A8;&#x9BE;&#x9A8;, &#x9AE;&#x9CB;&#x9B8;&#x9CD;&#x9A4;&#x9AB;&#x9BE; &#x9B8;&#x9C7;&#x9B2;&#x9BF;&#x9AE;</subfield>
  </datafield>
  <datafield tag="260" ind1=" " ind2=" ">
    <subfield code="a">&#x9A2;&#x9BE;&#x995;&#x9BE; :</subfield>
    <subfield code="b">&#x989;&#x9CE;&#x9B8; &#x9AA;&#x9CD;&#x9B0;&#x995;&#x9BE;&#x9B6;&#x9A8;,</subfield>
    <subfield code="c">&#x9E8;&#x9E6;&#x9E7;&#x9EA;</subfield>
  </datafield>
  <datafield tag="300" ind1=" " ind2=" ">
    <subfield code="a">&#x9E9;&#x9EE;&#x9E8;, [&#x9E7;] &#x9AA;&#x9C3; : </subfield>
    <subfield code="b">&#x99A;&#x9BF;&#x9A4;&#x9CD;&#x9B0; ;</subfield>
    <subfield code="c">&#x9E8;&#x9EB; &#x9B8;&#x9C7;&#x9AE;&#x9BF;.</subfield>
  </datafield>
  <datafield tag="490" ind1=" " ind2=" ">
    <subfield code="a">&#x9A8;&#x9BE;&#x997;&#x9B0;&#x9C0;&#x9B2;&#x9BF;&#x9AA;&#x9BF;&#x9B0; &#x997;&#x9CD;&#x9B0;&#x9A8;&#x9CD;&#x9A5;&#x9B8;&#x9AE;&#x9CD;&#x9AD;&#x9BE;&#x9B0; ;</subfield>
    <subfield code="v">&#x9E7;&#x9EA;</subfield>
  </datafield>
  <datafield tag="500" ind1=" " ind2=" ">
    <subfield code="a">"&#x9E8;&#x9EB;&#x99F;&#x9BF; &#x9AA;&#x9C1;&#x9A5;&#x9BF;&#x9B0; &#x9A8;&#x9BE;&#x997;&#x9B0;&#x9C0; &#x997;&#x9CD;&#x9B0;&#x9A8;&#x9CD;&#x9A5;&#x9B8;&#x9AE;&#x9CD;&#x9AD;&#x9BE;&#x9B0; "</subfield>
  </datafield>
  <datafield tag="650" ind1=" " ind2=" ">
    <subfield code="a">Bengali poetry</subfield>
    <subfield code="9">124657</subfield>
  </datafield>
  <datafield tag="650" ind1=" " ind2=" ">
    <subfield code="a">&#x9AC;&#x9BE;&#x982;&#x9B2;&#x9BE; &#x9AA;&#x9C1;&#x9A5;&#x9BF;</subfield>
    <subfield code="9">124658</subfield>
  </datafield>
  <datafield tag="700" ind1=" " ind2=" ">
    <subfield code="a">&#x9AE;&#x9BE;&#x9A8;&#x9CD;&#x9A8;&#x9BE;&#x9A8;, &#x9AE;&#x9CB;. &#x986;&#x9AC;&#x9CD;&#x9A6;&#x9C1;&#x9B2;, &#x9B8;&#x982;&#x997;&#x9CD;&#x9B0;&#x9BE;&#x9B9;&#x995;, &#x9B2;&#x9BF;&#x9AA;&#x9CD;&#x9AF;&#x9A8;&#x9CD;&#x9A4;&#x9B0;&#x995;&#x9BE;&#x9B0;&#x9C0; &#x993; &#x9B8;&#x9AE;&#x9CD;&#x9AA;&#x9BE;&#x9A6;&#x995;  </subfield>
    <subfield code="9">124653</subfield>
  </datafield>
  <datafield tag="700" ind1=" " ind2=" ">
    <subfield code="a">&#x9B8;&#x9C7;&#x9B2;&#x9BF;&#x9AE;, &#x9AE;&#x9CB;&#x9B8;&#x9CD;&#x9A4;&#x9AB;&#x9BE;, &#x9B8;&#x982;&#x997;&#x9CD;&#x9B0;&#x9BE;&#x9B9;&#x995;, &#x9B2;&#x9BF;&#x9AA;&#x9CD;&#x9AF;&#x9A8;&#x9CD;&#x9A4;&#x9B0;&#x995;&#x9BE;&#x9B0;&#x9C0; &#x993; &#x9B8;&#x9AE;&#x9CD;&#x9AA;&#x9BE;&#x9A6;&#x995;   </subfield>
    <subfield code="9">124654</subfield>
  </datafield>
  <datafield tag="830" ind1=" " ind2=" ">
    <subfield code="a">&#x9A8;&#x9BE;&#x997;&#x9B0;&#x9C0;&#x9B2;&#x9BF;&#x9AA;&#x9BF;&#x9B0; &#x997;&#x9CD;&#x9B0;&#x9A8;&#x9CD;&#x9A5;&#x9B8;&#x9AE;&#x9CD;&#x9AD;&#x9BE;&#x9B0; ;</subfield>
    <subfield code="v">&#x9E7;&#x9EA;</subfield>
    <subfield code="9">124655</subfield>
  </datafield>
  <datafield tag="942" ind1=" " ind2=" ">
    <subfield code="2">ddc</subfield>
    <subfield code="c">BK</subfield>
  </datafield>
  <datafield tag="999" ind1=" " ind2=" ">
    <subfield code="c">40557</subfield>
    <subfield code="d">40557</subfield>
  </datafield>
  <datafield tag="952" ind1=" " ind2=" ">
    <subfield code="0">0</subfield>
    <subfield code="1">0</subfield>
    <subfield code="2">ddc</subfield>
    <subfield code="4">0</subfield>
    <subfield code="7">1</subfield>
    <subfield code="8">NFIC</subfield>
    <subfield code="a">RUCL</subfield>
    <subfield code="b">RUCL</subfield>
    <subfield code="c">Reading</subfield>
    <subfield code="d">2015-07-27</subfield>
    <subfield code="e">RUCL</subfield>
    <subfield code="g">416.66</subfield>
    <subfield code="l">0</subfield>
    <subfield code="o">B 891.4412 SHM 2014</subfield>
    <subfield code="r">2016-05-03 00:00:00</subfield>
    <subfield code="t">C-1</subfield>
    <subfield code="w">2016-05-03</subfield>
    <subfield code="y">BK</subfield>
  </datafield>
</record>
